[Event "Open A"]
[Site "?"]
[Date "2005.07.17"]
[Round "3"]
[White "Myzyk Jan"]
[Black "Cyborowski Lukasz"]
[Result "0-1"]
[WhiteElo "2203"]
[BlackElo "2537"]
[PlyCount "98"]
[EventDate "2005.??.??"]
[Source "www.chesslib.no"]
[SourceDate "2004.05.04"]

1. d4 Nf6 2. Nf3 g6 3. c4 Bg7 4. Nc3 d5 5. Qb3 dxc4 6. Qxc4 O-O 7. Bf4 c6 8. e4 a5 9. Qd3 Bg4 10. Be2 Nbd7 11. h3 Bxf3 12. Bxf3 e5 13. dxe5 Nxe5 14. Qxd8 Nxf3+ 15. gxf3 Rfxd8 16. Ke2 Nd7 17. Rhd1 Ne5 18. Rac1 Rxd1 19. Nxd1 Rd8 20. Be3 Nd3 21. Rb1 Be5 22. a3 b5 23. Bb6 Nf4+ 24. Kf1 Rd3 25. Ne3 a4 26. Ng4 f6 27. Nxe5 fxe5 28. Be3 Kf7 29. Rc1 Rb3 30. Bxf4 exf4 31. Kg2 Rxb2 32. Rxc6 Rb3 33. Rb6 Ke7 34. h4 h5 35. e5 Kd7 36. Rd6+ Ke8 37. Re6+ Kf7 38. Rf6+ Ke7 39. Rb6 Rxa3 40. Rxb5 Rb3 41. Ra5 a3 42. Ra6 Rc3 43. Ra4 Ke6 44. Rxf4 Kxe5 45. Re4+ Kd5 46. Ra4 Kc5 47. Ra8 Kb4 48. Rb8+ Kc4 49. Rc8+ Kb3 0-1

[Event "Vrnjacka Banja"]
[Site "Vrnjacka Banja"]
[Date "1989.??.??"]
[Round "?"]
[White "Vuruna, Miodrag"]
[Black "Ilincic, Zlatko"]
[Result "1/2-1/2"]
[WhiteElo "2310"]
[BlackElo "2430"]
[PlyCount "167"]
[EventDate "1989.04.??"]
[Source "ChessBase"]

1. d4 Nf6 2. c4 g6 3. Nf3 Bg7 4. Nc3 d5 5. Qb3 dxc4 6. Qxc4 O-O 7. Bf4 Na6 8. e4 c5 9. Rd1 cxd4 10. Nxd4 Bd7 11. Nb3 Qe8 12. Be2 e5 13. Be3 Be6 14. Qd3 Nb4 15. Qb1 b6 16. O-O h6 17. h3 Qe7 18. Nd2 Rac8 19. Nf3 Ne8 20. a3 Nc6 21. Nd5 Qb7 22. b4 Kh7 23. b5 Nb8 24. Qb4 Nd7 25. Ne7 Rc7 26. Nc6 Nef6 27. Nd2 Re8 28. a4 Nb8 29. Nxe5 Nxe4 30. Nxe4 Bxe5 31. Nd6 Bxd6 32. Rxd6 Nd7 33. Qh4 h5 34. Bxh5 gxh5 35. Qxh5+ Kg8 36. Bd4 Kf8 37. Qg5 Qe4 38. Bg7+ Kg8 39. Be5+ Qg6 40. Qxg6+ fxg6 41. Rxe6 Rxe6 42. Bxc7 Re2 43. Rc1 Ra2 44. Rc4 Kf7 45. g4 Ke6 46. Kg2 Nc5 47. Rd4 Nxa4 48. Rd6+ Kf7 49. g5 Nc5 50. Kf3 Kg7 51. h4 Nd7 52. Rd3 Nc5 53. Rd4 Ra5 54. Bb8 Rxb5 55. Bxa7 Rb2 56. Kg3 Kf7 57. f3 Ke7 58. Bb8 Ne6 59. Bd6+ Kf7 60. Rd1 Ng7 61. Bc7 Nf5+ 62. Kh3 Rb3 63. Rd7+ Ke6 64. Rh7 Rxf3+ 65. Kg4 Rb3 66. h5 Ne3+ 67. Kh4 Nf5+ 68. Kg4 Rb4+ 69. Kf3 gxh5 70. Rxh5 b5 71. Rh8 Rc4 72. Ba5 Nd4+ 73. Ke3 Nc6 74. Bd8 b4 75. Bf6 b3 76. Rh1 Nb4 77. Rb1 Nd5+ 78. Kd3 Rb4 79. Bb2 Rg4 80. Re1+ Kd6 81. g6 Nf4+ 82. Kc3 Rg3+ 83. Kc4 Nxg6 84. Bc3 1/2-1/2

[Event "Corr"]
[Site "?"]
[Date "2002.09.15"]
[Round "?"]
[White "Schrancz Istvan"]
[Black "Odeev Hanjar (TKM)"]
[Result "1/2-1/2"]
[WhiteElo "2470"]
[BlackElo "2262"]
[PlyCount "73"]
[EventDate "2002.??.??"]
[Source "www.chesslib.no"]
[SourceDate "2004.05.04"]

1. d4 Nf6 2. c4 g6 3. Nc3 d5 4. Nf3 Bg7 5. Qb3 dxc4 6. Qxc4 O-O 7. e4 Be6 8. d5 Bc8 9. Bf4 c6 10. Rd1 Qb6 11. Rd2 Qa5 12. Qb3 a6 13. d6 e6 14. Be2 Nbd7 15. O-O e5 16. Be3 b5 17. Rc1 Bb7 18. Rdd1 Rab8 19. Nd2 c5 20. Qc2 Rfc8 21. f3 c4 22. a4 Bf8 23. Ra1 Qb4 24. Nf1 Bc6 25. axb5 Bxb5 26. Ra3 Bc6 27. Rd2 Ne8 28. Qd1 Ra8 29. Na2 Qb5 30. b3 Qb8 31. bxc4 Nxd6 32. Rb3 Qc7 33. Nc3 a5 34. c5 Ne8 35. Nb5 Bxb5 36. Rxb5 Nef6 37. Rc2 1/2-1/2

[Event "Corr"]
[Site "?"]
[Date "2000.09.01"]
[Round "?"]
[White "Burger Heinrich (GER)"]
[Black "Odeev Hanjar (TKM)"]
[Result "1-0"]
[WhiteElo "2567"]
[BlackElo "2162"]
[PlyCount "113"]
[EventDate "2000.??.??"]
[Source "www.chesslib.no"]
[SourceDate "2004.05.04"]

1. d4 Nf6 2. c4 g6 3. Nc3 d5 4. Nf3 Bg7 5. Qb3 dxc4 6. Qxc4 O-O 7. e4 Be6 8. d5 Bc8 9. Bf4 c6 10. Rd1 b5 11. Qb3 Qa5 12. Nd2 a6 13. Be2 cxd5 14. e5 Ng4 15. Qxd5 Ra7 16. Qf3 Nxe5 17. Qg3 Nbc6 18. Nb3 Qc7 19. Be3 Ra8 20. Nd5 Qb7 21. Qh4 Re8 22. Nc5 Qb8 23. O-O Nc4 24. Bxc4 bxc4 25. Qxc4 e6 26. Qe4 Ra7 27. b3 Ne5 28. Nb4 a5 29. Nc6 Nxc6 30. Qxc6 Rf8 31. Rd2 Be5 32. Qa4 Bxh2+ 33. Kh1 Be5 34. Rfd1 Re7 35. Qh4 f6 36. Ne4 Ref7 37. Bh6 g5 38. Nxg5 fxg5 39. Qxg5+ Bg7 40. Rd8 Qc7 41. Bxg7 Rxg7 42. Rxf8+ Kxf8 43. Qd8+ Qxd8 44. Rxd8+ Kf7 45. Rxc8 Rg5 46. Rc7+ Kg6 47. g3 Rd5 48. a4 Rd3 49. Re7 Rd6 50. Rb7 Rd3 51. Kg2 h6 52. Rb5 Rc3 53. f4 Kf6 54. Kh3 Rd3 55. Kh4 Rc3 56. Rxa5 Rxb3 57. Ra8 1-0

[Event "Ch Spain team"]
[Site "ESP"]
[Date "1993.??.??"]
[Round "?"]
[White "Lopez Colon, Francisco"]
[Black "Garcia Ilundain, David"]
[Result "1-0"]
[WhiteElo "2250"]
[BlackElo "2475"]
[PlyCount "67"]
[EventDate "1993.??.??"]
[Source "www.chesslib.no"]
[SourceDate "2004.05.04"]

1. d4 Nf6 2. c4 g6 3. Nc3 d5 4. Nf3 Bg7 5. Qb3 dxc4 6. Qxc4 O-O 7. Bf4 Na6 8. e4 c5 9. O-O-O Qa5 10. e5 Ng4 11. Rd2 cxd4 12. Qxd4 Be6 13. Bxa6 bxa6 14. h3 Nh6 15. Kb1 Rfc8 16. Qa4 Qc7 17. g4 Rab8 18. Rc1 Qb7 19. Qd1 f6 20. exf6 exf6 21. Bxb8 Rxb8 22. Rd8+ Bf8 23. Rxb8 Qxb8 24. Qe2 Bf7 25. Qxa6 Qf4 26. Qe2 Bc4 27. Qe3 Qb8 28. Re1 Nf7 29. Nd2 Ba6 30. Nd5 Qd8 31. Qe6 Bd3+ 32. Ka1 Kg7 33. Nf4 Bb5 34. Qe3 1-0

[Event "VI Cup GM, Paks HUN"]
[Site "?"]
[Date "2001.??.??"]
[Round "8"]
[White "Pataki, G."]
[Black "Flumbort, A."]
[Result "0-1"]
[WhiteElo "2345"]
[BlackElo "2370"]
[PlyCount "74"]
[EventDate "2001.??.??"]
[Source "www.chesslib.no"]
[SourceDate "2004.05.04"]

1. d4 Nf6 2. c4 g6 3. Nc3 d5 4. Nf3 Bg7 5. Qb3 dxc4 6. Qxc4 O-O 7. Bf4 Na6 8. e4 c5 9. d5 e6 10. d6 e5 11. Bxe5 Be6 12. Qa4 Nb4 13. h3 a6 14. Bh2 Re8 15. O-O-O b5 16. Qa3 Bh6+ 17. Nd2 Nc6 18. Qxc5 b4 19. Nd5 Bxd5 20. exd5 Ne4 21. Qxc6 Rc8 22. Kc2 Nxd2 23. Rxd2 Qb6 24. Bc4 Rxc6 25. dxc6 Qxc6 26. Rd4 Qxg2 27. d7 Qxf2+ 28. Kb3 Rd8 29. Rhd1 Bg7 30. Kxb4 Qxb2+ 31. Ka4 Qc2+ 32. Kb4 Bf8+ 33. Bd6 Rxd7 34. Bb3 a5+ 35. Ka3 Bxd6+ 36. Rxd6 Qc5+ 37. Kb2 Rxd6 0-1

[Event "FRA-chT9697 final"]
[Site "Clichy"]
[Date "1997.05.04"]
[Round "11"]
[White "Flear, Glenn C"]
[Black "Rodier, Arnaud"]
[Result "1-0"]
[WhiteElo "2485"]
[BlackElo "2230"]
[PlyCount "68"]
[EventDate "1997.??.??"]
[Source "www.chesslib.no"]
[SourceDate "2004.05.04"]

1. d4 Nf6 2. c4 g6 3. Nc3 d5 4. Nf3 Bg7 5. Qb3 dxc4 6. Qxc4 O-O 7. Bf4 c6 8. e4 b5 9. Qb3 a6 10. Be2 Bb7 11. Rd1 Nbd7 12. O-O Rc8 13. e5 Nd5 14. Nxd5 cxd5 15. a4 Bc6 16. axb5 Qb6 17. Qa3 Bxb5 18. Bxb5 Qxb5 19. Qxe7 Rfe8 20. Qa3 Bf8 21. Qd3 Rc4 22. Rd2 Nc5 23. dxc5 Rxf4 24. Qxb5 axb5 25. Rxd5 Rc4 26. Rfd1 Bxc5 27. Nd2 Rc2 28. Ne4 Rc8 29. g3 Bb4 30. b3 Rb2 31. Rxb5 Rxb3 32. Rb7 Rb2 33. Rdd7 Rf8 34. e6 f5 1-0

[Event "Oberwart Open"]
[Site "Oberwart AUT"]
[Date "1995.??.??"]
[Round "6"]
[White "Zoler, Dan"]
[Black "Neubauer, Martin"]
[Result "1-0"]
[WhiteElo "2445"]
[BlackElo "2270"]
[PlyCount "69"]
[EventDate "1995.07.??"]
[Source "www.chesslib.no"]
[SourceDate "2004.05.04"]

1. d4 Nf6 2. c4 g6 3. Nc3 d5 4. Qb3 dxc4 5. Qxc4 Bg7 6. e4 O-O 7. Bf4 c6 8. Nf3 Qa5 9. Bd3 b5 10. Qb3 b4 11. Ne2 c5 12. O-O Nfd7 13. d5 Nb6 14. Be5 N8d7 15. Bxg7 Kxg7 16. Rac1 Bb7 17. Rfd1 Qa4 18. Qxa4 Nxa4 19. Bb5 Nab6 20. Nd2 Rac8 21. Nb3 a6 22. Bxd7 Nxd7 23. Rd2 Rc7 24. Rdc2 Rfc8 25. f4 f5 26. Ned4 c4 27. Ne6+ Kf7 28. Na5 fxe4 29. Nxc7 Rxc7 30. Nxc4 Kf8 31. Ne5 Rxc2 32. Nxd7+ Ke8 33. Rxc2 Kxd7 34. Rc4 e5 35. Rc5 1-0

[Event "Masters"]
[Site "Singapore SIN"]
[Date "2006.12.26"]
[Round "1"]
[White "Goh Koon Jong, J."]
[Black "Li Chao"]
[Result "0-1"]
[WhiteElo "2394"]
[BlackElo "2320"]
[PlyCount "72"]
[EventDate "2006.12.26"]
[Source "www.chesslib.no"]
[SourceDate "2004.05.04"]

1. d4 Nf6 2. c4 g6 3. Nc3 d5 4. Nf3 Bg7 5. Qb3 dxc4 6. Qxc4 O-O 7. Bf4 Na6 8. e4 c5 9. d5 e6 10. O-O-O exd5 11. exd5 Re8 12. a3 Bd7 13. Bd3 Rc8 14. Kb1 Nc7 15. d6 Ne6 16. Be5 Nd4 17. Nxd4 Rxe5 18. Nf3 b5 19. Nxb5 Ng4 20. Nc3 Re8 21. Rd2 Qa5 22. Rc2 Rb8 23. h3 Ne5 24. Qa6 Qxa6 25. Bxa6 Nxf3 26. gxf3 Bf5 27. d7 Bxd7 28. Bd3 Rb3 29. Bc4 Rb6 30. Ka2 Rf6 31. Bd5 Rf5 32. Be4 Rh5 33. Rd1 Be6+ 34. b3 Rb8 35. Bd5 Bxd5 36. Nxd5 Bd4 0-1

[Event "FRA Ch"]
[Site "Val Thorens FRA"]
[Date "1988.??.??"]
[Round "8"]
[White "Miralles, Gilles"]
[Black "Vareille, Francois"]
[Result "1-0"]
[WhiteElo "2430"]
[BlackElo "2280"]
[PlyCount "99"]
[EventDate "1988.??.??"]
[Source "www.chesslib.no"]
[SourceDate "2004.05.04"]

1. d4 Nf6 2. c4 g6 3. Nc3 d5 4. Qb3 dxc4 5. Qxc4 Bg7 6. Bf4 Na6 7. e4 O-O 8. Nf3 c5 9. dxc5 Qa5 10. e5 Nd7 11. Qb5 Qb4 12. Bc4 Ndxc5 13. O-O Be6 14. Bxe6 Nxe6 15. Be3 Qxb5 16. Nxb5 Nac5 17. Rfd1 Rfc8 18. Rac1 a6 19. Nc3 Rd8 20. Nd5 Nd7 21. Nxe7+ Kf8 22. Nc8 Raxc8 23. Rxc8 Rxc8 24. Rxd7 Rd8 25. Bc5+ Kg8 26. Rxd8+ Nxd8 27. Kf1 Nc6 28. Bd6 Bf8 29. Bxf8 Kxf8 30. Ke2 Nb4 31. a3 Nd5 32. g3 Nb6 33. b3 Nd7 34. b4 Ke7 35. Ke3 Ke6 36. Ke4 f5+ 37. exf6 Nxf6+ 38. Kd4 b6 39. Ne5 g5 40. f3 Nd5 41. Nf7 Nxb4 42. Nxg5+ Kf5 43. axb4 Kxg5 44. Kd5 Kf5 45. Kc6 a5 46. bxa5 bxa5 47. Kb5 Ke5 48. Kxa5 Kd4 49. Kb4 h5 50. h4 1-0